|
|
|
|
| LEADER |
01124nam a2200265 a 4500 |
| 001 |
00027272 |
| 008 |
130725s2005 enka b 001 0 eng |
| 020 |
|
|
|a 1844071626
|
| 040 |
|
|
|a BD-DhAAL
|c BD-DhAAL.
|
| 082 |
0 |
0 |
|a 338.9
|2 22
|
| 245 |
0 |
0 |
|a State of the world 2005 :
|b a worldwatch institute report on progress toward a sustainable society /
|c edited by Linda Starke and Michael Renner, Hilary French, Erik Assadourian, Project Directors.
|
| 260 |
|
|
|a London :
|b Earthscan,
|c c2005.
|
| 300 |
|
|
|a xxv, 237 p. :
|b ill. ;
|c 25 cm.
|
| 504 |
|
|
|a Includes bibliographical references (p. 181-227) and Index.
|
| 541 |
|
|
|e 00027272
|
| 650 |
|
0 |
|a Economic development
|x Environmental aspects.
|
| 650 |
|
0 |
|a Sustainable development
|
| 700 |
1 |
|
|a Starke, Linda
|
| 700 |
1 |
|
|a Renner, Michael
|
| 700 |
1 |
|
|a French, Hilary
|
| 700 |
1 |
|
|a Assadourian, Erik
|
| 710 |
2 |
|
|a worldwatch institute
|
| 852 |
1 |
|
|a Ayesha Abed Library
|j General shelf.
|
| 999 |
|
|
|c 13740
|d 13740
|
| 952 |
|
|
|0 0
|1 0
|4 0
|6 338_900000000000000_STA
|7 0
|9 22987
|a IGS
|b IGS
|c GEN
|d 2013-07-27
|e Paragon Enterprises
|g 809.00
|l 0
|o 338.9 STA
|p 3010027272
|r 2013-07-27
|t 1
|w 0000-00-00
|y BK
|x Available
|